Statistics for 2017/18 Top 10 Strikers in the World

Click here to take the quiz!

General Stats

  • This quiz has been taken 41 times
  • The average score is 7 of 10

Answer Stats

RankPlayer% Correct
6Harry Kane
89%
1Luis Suarez
86%
2Robert Lewandowski
80%
7Romelu Lukaku
77%
5Sergio Aguero
77%
8Gonzalo Higuain
74%
3Antoine Griezmann
60%
4Pierre-Emerick Aubameyang
60%
10Alvaro Morata
49%
9Alexandre Lacazette
43%

Score Distribution

Percentile by Number Answered

Percent of People with Each Score

Your Score History

You have not taken this quiz